Harry potter y la Piedra Filosofal (Registro nro. 37098)
[ vista simple ]
| 000 -CABECERA | |
|---|---|
| Longitud fija campo de control | 00456nam a2200169 4500 |
| 003 - • IDENTIFICADOR DELl NÚMERO DE CONTROL | |
| Identificador del número de control | CO-ViMGA |
| 020 ## - • NÚMERO INTERNACIONAL NORMALIZADO PARA LIBROS | |
| Número Internacional Normalizado para Libros (ISBN) | 9500419572 |
| 040 ## - FUENTE DE LA CATALOGACIÓN | |
| Centro catalogador de origen | CO-ViMGA |
| Lengua de catalogación | spa |
| Centro transcriptor | CO-ViMGA |
| 082 04 - • NÚMERO DE LA CLASIFICACIÓN DECIMAL DEWEY | |
| Número de clasificación (R) | 823.91 |
| Número del ítem | R685p |
| 100 1# - • PUNTO DE ACCESO PRINCIPAL-NOMBRE DE PERSONA | |
| Nombre de persona | Rowling.J.K. |
| 245 10 - • TITULO PROPIAMENTE DICHO | |
| Título | Harry potter y la Piedra Filosofal |
| Mención de responsabilidad, etc. | Rowling.J.K. |
| 300 ## - • DESCRIPCIÓN FÍSICA | |
| Extensión | 256 paginas |
| Otras características físicas | 22 cm |
| 490 ## - • MENCIÓN DE SERIE | |
| Mención de serie | emece juvenil |
| 650 14 - • PUNTO DE ACCESO ADICIONAL DE MATERIA - TÉRMINO DE MATERIA | |
| Término de materia o nombre geográfico como elemento inicial | Narrativa Juvenil Britanica |
| 942 ## - ENTRADA DE ELEMENTOS AGREGADOS (KOHA) | |
| Fuente de clasificaión o esquema | Dewey Decimal Classification |
| Koha [por defecto] tipo de item | LIbro |
| Perdido | Fuente de clasificación o esquema | Estado Físico | No para préstamo | Forma de adquisición | Localización permanente | Localización actual | Fecha adquisición | Préstamos totales | Renovaciones totales | Signatura completa | Código de barras | Fecha última consulta | Fecha último préstamo | Fecha del precio de reemplazo | Tipo de item de Koha |
|---|---|---|---|---|---|---|---|---|---|---|---|---|---|---|---|
| Dewey Decimal Classification | Sala General Segundo Piso | Biblioteca Pública Germán Arciniegas - Villavicencio | Biblioteca Pública Germán Arciniegas - Villavicencio | 03/27/2019 | 7 | 2 | 823.91 R685p | 32817 | 03/21/2026 | 02/28/2026 | 03/27/2019 | LIbro |